| 000 | 00659nam a2200205Ii 4500 | ||
|---|---|---|---|
| 003 | JO-AjNU | ||
| 008 | 230605s9999||||xx |||||||||||||| ||und|| | ||
| 040 |
_aJO-AjNU _bara _erda _cJO-AjNU |
||
| 041 | _aara | ||
| 050 | 1 | 4 | _aPJ7862.H68.Z78 1999 |
| 100 | 3 |
_aإعداد ناصيف،إميل, _eauthor _924023 |
|
| 245 | 0 | 0 | _aمن أروع ماقال شوقي وحافظ إبراهيم وإبراهيم ناجي |
| 250 | _aط1 | ||
| 264 | 3 | 1 | _aبيروت: دار الجيل، 1999 |
| 300 | _a143ص | ||
| 336 |
_atext _btxt _2rdacontent |
||
| 337 |
_aunmediated _bn _2rdamedia |
||
| 338 |
_avolume _bnc _2rdacarrier |
||
| 650 | 4 |
_aالشعر العربي _924024 |
|
| 999 |
_aA8782 _c12350 _d12350 |
||